000 00940nam a22002297a 4500
005 20240305165423.0
007 cr|||| ||||
008 140603s2014 mx |||||s|||| 00||0 spa d
020 _a978-607-406-626-5
035 _a12208
040 _avLex
090 _c4983
_d4983
245 0 0 _aAgenda Fiscal movil 2014
_h[Recurso electrónico] /
256 _aServicio en línea
260 _aMéxico DF:
_bEdiciones Fiscales ISEF,
_c2014
300 _a1 recurso electrónico
506 1 _aDisponible solo en los productos indicados
_dvLex Global
_dvLex Global (Academic Edition, excluding Law Schools)
_dvLex Global (U.S. Academic Edition, Law Schools)
_dvLex Global (U.S. Academic Edition, excluding Law Schools)
_dvLex Global (Academic Edition, Law Schools)
650 0 4 _aDerecho Fiscal
_zMéxico
740 0 _avLex Libros (Servicio en línea)
856 4 0 _uhttps://app.vlex.com/#/sources/agenda-fiscal-movil-2014-12208
942 _cRAA
999 _c163331
_d163331